00365nam a2200157Ia 4500008004100000082001000041100001700051245002100068250000600089260002800095300000800123600001700131630002100148700001700169730002100186090124s9999 xx 000 0 und d b40724 aALLBEURY TED aPALOMINO BLONDE  a1 bTARANG PAPERBACKSc1981 a158 aALLBEURY TED aPALOMINO BLONDE  aALLBEURY TED aPALOMINO BLONDE